Questions-réponses sur Lourdes - Statistiques

Statistiques générales
  • Ce quiz a été pris 74 fois
  • Le résultat moyen est 8 sur 16
Statistiques - réponses
Questions Réponses % Correct
Chaîne de montagnes au pied de laquelle se situe Lourdes. Les Pyrénées
85%
Région dans laquelle se situe Lourdes. L'Occitanie
85%
Cavité rocheuse des environs de Lourdes devenue un lieu de pèlerinage depuis les apparitions de la Sainte Vierge en cet endroit précis. La grotte de Massabielle
83%
Ville universitaire de ce même ancien comté qui se tient à 20 kilomètres au nord de Lourdes et qui comptait plus de 79 000 habitants en 2020. Tarbes
82%
Rivière qui traverse Lourdes et porte le nom d'une grande ville plus en aval. Le Gave de Pau
64%
En 1862, l'Église catholique reconnut officiellement les dix-huit apparitions mariales de 1858 auprès d'une sainte jeune fille de 14 ans qui s'appelait ______________. Bernadette Soubirous
61%
Acteur et humoriste français d'origine juive qui déclara avoir eu un "coup de foudre" pour la Sainte Vierge Marie depuis un séjour à Lourdes. Gad Elmaleh
42%
Station de sports d'hiver surplombant Lourdes et où plusieurs exploits liés au dopage ont été réalisés sur le Tour de France. Hautacam
41%
Le pèlerinage du Rosaire qui accueille environ 17 000 pèlerins par an à Lourdes a lieu entre le 4 et le 7 de ce mois, le 7 étant la Fête du Rosaire. Octobre
41%
Commune sur laquelle a été aménagé l'aéroport situé à égale distance de cette ville et de Lourdes. Ossun
41%
La Basilique Saint-Pie X de Lourdes, inaugurée en 1958 pour le centenaire des apparitions, construite en béton précontraint, est une basilique entièrement _________. Souterraine
39%
Impératrice des Français qui fit pression sur son mari pour qu'il ordonnât la réouverture de ce site en juillet 1858 après la guérison de son fils unique grâce à l'eau réputée miraculeuse de Lourdes. Eugénie de Montijo
29%
Ancien petit comté d'avant 1789 qui comprenait Lourdes et quelques villes avoisinantes La Bigorre
29%
Fleuve dont le précédent est un affluent. L'Adour
27%
Caractéristique du corps de la jeune fille après sa mort. L'incorruptibilité
26%
Pape qui publia une encyclique intitulée "Le Pèlerinage de Lourdes" en 1957 Pie XII
17%
Aucun quiz correspondant
Distribution des résultats
% des personnes avec chaque résultat
Percentile par nombre de réponses
Votre historique - résultats
Vous n’avez pas pris ce quiz